000 00571cam a2200157I 4500
082 _a914.1
_bLUC
100 1 _aLucas, Charles Prestwood,
_949477
245 1 2 _aA historical geography of the British colonies.
260 _aOxford,
_bThe Clarendon Press,
_c1888-
300 _av.
_bmaps (part fold.) fold. diagr.
_c19 cm.
505 2 _aThe Bermudas.--The West Indian Dependencies of Great Britain.--The Falkland Islands and South Georgia.
526 _a0
_b0
_c0
_d914_100000000000000_LUC
650 0 _aHistorical geography.
_947033
650 0 _aMCE
_9379
942 _2ddc
_cBK
999 _c552664
_d552664